[Event "Titled Tuesday intern op 12th Sep Early"]
[Site "Chess.com INT"]
[Date "2023.09.12"]
[Round "10"]
[White "Tanwir, Furquan"]
[Black "Mishra, Manoj"]
[Result "0-1"]
[WhiteElo "1982"]
[BlackElo "1902"]
[PlyCount "56"]
[EventDate "2023.09.12"]
[EventType "swiss (blitz)"]
[EventRounds "11"]
[EventCountry "USA"]
[SourceTitle "EXT 2024"]
[Source "ChessBase"]
[SourceDate "2023.10.10"]
[SourceVersion "1"]
[SourceVersionDate "2023.10.10"]
[SourceQuality "1"]

1. e4 c6 2. d4 d5 3. Nc3 g6 4. h4 h5 5. e5 Nh6 6. Bg5 Qb6 7. a3 Bg4 8. f3 Bf5 9. Na4 Qa5+ 10. c3 Qc7 11. b4 a5 12. Ne2 axb4 13. axb4 Nd7 14. Ng3 Bg7 15. Nxf5 Nxf5 16. Bd3 e6 17. g4 hxg4 18. fxg4 Ng3 19. Rh3 Ne4 20. Bxe4 dxe4 21. Re3 0-0 22. Rxe4 b6 23. Be7 Rfe8 24. Bd6 Qb7 25. Nb2 Rxa1 26. Qxa1 Ra8 27. Qb1 c5 28. Nd3 Qxe4+ 0-1

[Event "Titled Tuesday intern op 12th Sep Early"]
[Site "Chess.com INT"]
[Date "2023.09.12"]
[Round "5"]
[White "Tanwir, Furquan"]
[Black "Taboas Rodriguez, Daniel"]
[Result "1-0"]
[WhiteElo "1982"]
[BlackElo "2368"]
[PlyCount "79"]
[EventDate "2023.09.12"]
[EventType "swiss (blitz)"]
[EventRounds "11"]
[EventCountry "USA"]
[SourceTitle "EXT 2024"]
[Source "ChessBase"]
[SourceDate "2023.10.10"]
[SourceVersion "1"]
[SourceVersionDate "2023.10.10"]
[SourceQuality "1"]

1. e4 e5 2. f4 Nc6 3. Nf3 f5 4. exf5 e4 5. Ne5 Nf6 6. d4 d6 7. Bb5 dxe5 8. fxe5 Bxf5 9. exf6 Qxf6 10. 0-0 0-0-0 11. c3 Bd6 12. Bxc6 bxc6 13. Bf4 Bxf4 14. Rxf4 Qg5 15. Qf1 Rhf8 16. Nd2 Rf6 17. Nb3 Bh3 18. Nc5 Kb8 19. Rxf6 gxf6 20. Kh1 Bc8 21. Nxe4 Qg6 22. Qxf6 Re8 23. Qxg6 hxg6 24. Ng3 Ba6 25. Kg1 Kb7 26. Kf2 Rf8+ 27. Ke3 Re8+ 28. Kd2 Rf8 29. Ne4 Kb6 30. Re1 Bc4 31. b3 Bd5 32. c4 Bxe4 33. Rxe4 Rf2+ 34. Re2 Rf4 35. Ke3 Rf1 36. Rf2 Re1+ 37. Kf4 Rd1 38. Ke5 c5 39. d5 Re1+ 40. Kf6 1-0

[Event "Titled Tuesday intern op 22nd Aug Early"]
[Site "Chess.com INT"]
[Date "2023.08.22"]
[Round "6"]
[White "Czerw, Dawid"]
[Black "Tanwir, Furquan"]
[Result "1-0"]
[WhiteElo "2400"]
[BlackElo "1982"]
[PlyCount "57"]
[EventDate "2023.08.22"]
[EventType "swiss (blitz)"]
[EventRounds "11"]
[EventCountry "USA"]
[SourceTitle "EXT 2024"]
[Source "ChessBase"]
[SourceDate "2023.10.10"]
[SourceVersion "1"]
[SourceVersionDate "2023.10.10"]
[SourceQuality "1"]

1. c4 e5 2. Nc3 Nc6 3. g3 Bc5 4. Bg2 d6 5. e3 a6 6. Nge2 Ba7 7. 0-0 h5 8. d4 h4 9. b3 hxg3 10. fxg3 Bg4 11. Qe1 exd4 12. exd4 Nge7 13. Qf2 0-0 14. h3 Bxe2 15. Nxe2 Re8 16. Kh2 f6 17. Bb2 Qd7 18. Rae1 Ng6 19. Bd5+ Kf8 20. Nf4 Nxf4 21. Qxf4 Rxe1 22. Rxe1 Re8 23. Rf1 Re2+ 24. Rf2 Rxb2 25. Rxb2 Nxd4 26. Qh4 Qf7 27. Qh8+ Ke7 28. Bxf7 Nf3+ 29. Kg2 1-0

[Event "Titled Tuesday intern op 22nd Aug Early"]
[Site "Chess.com INT"]
[Date "2023.08.22"]
[Round "11"]
[White "Tanwir, Furquan"]
[Black "Bilan, Danila"]
[Result "1-0"]
[WhiteElo "1982"]
[BlackElo "2303"]
[PlyCount "85"]
[EventDate "2023.08.22"]
[EventType "swiss (blitz)"]
[EventRounds "11"]
[EventCountry "USA"]
[SourceTitle "EXT 2024"]
[Source "ChessBase"]
[SourceDate "2023.10.10"]
[SourceVersion "1"]
[SourceVersionDate "2023.10.10"]
[SourceQuality "1"]

1. e4 c6 2. d4 d5 3. Nc3 b5 4. e5 Bf5 5. Bd3 Bg6 6. e6 Nf6 7. Bf4 Bxd3 8. exf7+ Kxf7 9. cxd3 Nbd7 10. Nf3 h6 11. Rc1 e6 12. 0-0 Bb4 13. Re1 Re8 14. a3 Ba5 15. Ne5+ Nxe5 16. dxe5 Nd7 17. Qh5+ g6 18. Qxh6 Rh8 19. Qg5 Qxg5 20. Bxg5 Rac8 21. d4 Nb6 22. b4 Nc4 23. bxa5 Nxa5 24. Bf6 Rhe8 25. Na2 Nb3 26. Rcd1 a5 27. Re3 a4 28. Nb4 c5 29. dxc5 Rxc5 30. h4 Rec8 31. Rf3 Kg8 32. g4 Rc1 33. Rxc1 Rxc1+ 34. Kg2 Nc5 35. h5 Kh7 36. hxg6+ Kxg6 37. g5 Ne4 38. Nd3 Ra1 39. Nf4+ Kf7 40. g6+ Kg8 41. Nxe6 b4 42. axb4 a3 43. Rh3 1-0

[Event "Titled Tuesday intern op 22nd Aug Early"]
[Site "Chess.com INT"]
[Date "2023.08.22"]
[Round "1"]
[White "Tanwir, Furquan"]
[Black "Iskusnyh, Sergei"]
[Result "0-1"]
[WhiteElo "1982"]
[BlackElo "2440"]
[PlyCount "76"]
[EventDate "2023.08.22"]
[EventType "swiss (blitz)"]
[EventRounds "11"]
[EventCountry "USA"]
[SourceTitle "EXT 2024"]
[Source "ChessBase"]
[SourceDate "2023.10.10"]
[SourceVersion "1"]
[SourceVersionDate "2023.10.10"]
[SourceQuality "1"]

1. e4 e6 2. d4 d5 3. Nc3 Nf6 4. e5 Nfd7 5. f4 c5 6. Nf3 Nc6 7. Be3 a6 8. Qd2 b5 9. dxc5 Bxc5 10. Nd4 Qb6 11. 0-0-0 Nxd4 12. Bxd4 Bxd4 13. Qxd4 Qxd4 14. Rxd4 Nc5 15. Bd3 Bd7 16. h4 Ke7 17. Rh3 h5 18. Rg3 g6 19. Kd2 Rhc8 20. Ne2 a5 21. Rf3 b4 22. g4 hxg4 23. Rg3 Rc7 24. Rxg4 Rac8 25. c3 Nxd3 26. Rxd3 Bb5 27. Re3 Bxe2 28. Kxe2 bxc3 29. bxc3 Rxc3 30. Rxc3 Rxc3 31. f5 exf5 32. Ra4 Rc5 33. Ke3 Ke6 34. Kd4 Rc4+ 35. Rxc4 dxc4 36. a4 f4 37. Kxc4 Kxe5 38. h5 gxh5 0-1

[Event "Titled Tuesday intern op 22nd Aug Early"]
[Site "Chess.com INT"]
[Date "2023.08.22"]
[Round "8"]
[White "Tanwir, Furquan"]
[Black "Tabuenca Mendataurigoitia, Daniel"]
[Result "0-1"]
[WhiteElo "1982"]
[BlackElo "2359"]
[PlyCount "46"]
[EventDate "2023.08.22"]
[EventType "swiss (blitz)"]
[EventRounds "11"]
[EventCountry "USA"]
[SourceTitle "EXT 2024"]
[Source "ChessBase"]
[SourceDate "2023.10.10"]
[SourceVersion "1"]
[SourceVersionDate "2023.10.10"]
[SourceQuality "1"]

1. e4 Nc6 2. d4 d5 3. e5 Bf5 4. Ne2 Qd7 5. Ng3 Bg6 6. c3 f6 7. f4 0-0-0 8. Be2 e6 9. Nd2 h5 10. Bxh5 Bxh5 11. Nxh5 g5 12. exf6 gxf4 13. 0-0 Bd6 14. Nb3 Qh7 15. f7 Nge7 16. Rxf4 Bxf4 17. Nxf4 Qxh2+ 18. Kf1 Rdf8 19. Qg4 Nf5 20. Nxe6 Rxf7 21. Bf4 Ne3+ 22. Ke2 Nxg4 23. Bxh2 Rxh2 0-1

[Event "Speed Chess Q1 Sw"]
[Site "Chess.com INT"]
[Date "2023.08.21"]
[Round "2"]
[White "Rustemov, Alexander"]
[Black "Tanwir, Furquan"]
[Result "1/2-1/2"]
[WhiteElo "2525"]
[BlackElo "1982"]
[PlyCount "125"]
[EventDate "2023.08.21"]
[EventType "k.o. (blitz)"]
[EventRounds "14"]
[EventCountry "USA"]
[SourceTitle "CBM 215 Extra"]
[Source "ChessBase"]
[SourceDate "2023.09.30"]
[SourceVersion "1"]
[SourceVersionDate "2023.09.30"]
[SourceQuality "1"]

1. d4 d5 2. c4 e6 3. Nc3 Nf6 4. Bg5 c6 5. e3 Be7 6. Nf3 Nbd7 7. Qc2 h6 8. Bh4 0-0 9. Rd1 a6 10. c5 Ne8 11. Bg3 f5 12. Ne5 Nxe5 13. Bxe5 Bf6 14. Bxf6 Nxf6 15. Bd3 Qe7 16. f4 Ng4 17. Qe2 Bd7 18. 0-0 Be8 19. h3 Nf6 20. Qf2 Bh5 21. Rc1 Ne4 22. Bxe4 fxe4 23. Qg3 Kh7 24. b4 Rf5 25. Rf2 g5 26. Rcf1 Rg8 27. Qh2 g4 28. hxg4 Rxg4 29. g3 Qg7 30. Rg2 Rg6 31. Kf2 Bf3 32. Rh1 Rh5 33. Qxh5 Bxh5 34. Rxh5 Kg8 35. Ne2 Qf7 36. Rgh2 Kg7 37. a4 Qc7 38. a5 Qb8 39. g4 Rxg4 40. Rxh6 Qg8 41. R6h5 Rg6 42. Rg5 Rxg5 43. fxg5 Qf7+ 44. Nf4 e5 45. dxe5 d4 46. Rh7+ Kxh7 47. g6+ Qxg6 48. Nxg6 dxe3+ 49. Kxe3 Kxg6 50. Kxe4 Kg5 51. e6 Kf6 52. e7 Kxe7 53. Ke5 Kd7 54. Kf6 Kc8 55. Ke6 Kc7 56. Ke7 Kc8 57. Kd6 Kb8 58. Kd7 Ka7 59. Kc7 Ka8 60. Kc8 Ka7 61. Kc7 Ka8 62. Kc8 Ka7 63. Kc7 1/2-1/2

[Event "Speed Chess Q1 Sw"]
[Site "Chess.com INT"]
[Date "2023.08.21"]
[Round "13"]
[White "Shuvalova, Polina"]
[Black "Tanwir, Furquan"]
[Result "1-0"]
[WhiteElo "2496"]
[BlackElo "1982"]
[PlyCount "59"]
[EventDate "2023.08.21"]
[EventType "k.o. (blitz)"]
[EventRounds "14"]
[EventCountry "USA"]
[SourceTitle "CBM 215 Extra"]
[Source "ChessBase"]
[SourceDate "2023.09.30"]
[SourceVersion "1"]
[SourceVersionDate "2023.09.30"]
[SourceQuality "1"]

1. e4 c5 2. Nf3 e6 3. c3 Nf6 4. e5 Nd5 5. d4 cxd4 6. cxd4 d6 7. Bc4 Nb6 8. Bb3 Nc6 9. 0-0 Be7 10. Nc3 0-0 11. Qe2 dxe5 12. dxe5 Nd4 13. Nxd4 Qxd4 14. Rd1 Qh4 15. Be3 Nd7 16. Rd4 Nxe5 17. Rxh4 Bxh4 18. Bc5 Ng6 19. Bxf8 Kxf8 20. Rd1 a6 21. Qc4 Be7 22. Ne4 Ne5 23. Qc7 f6 24. Rd8+ Bxd8 25. Qxd8+ Kf7 26. Nd6+ Kg6 27. Bc2+ f5 28. Nxc8 Kh6 29. h3 Ng6 30. h4 1-0

[Event "Foxwoods op 15th"]
[Site "Ledyard"]
[Date "2023.04.06"]
[Round "3"]
[White "Rizzo, Tobias"]
[Black "Tanwir, Furquan"]
[Result "1-0"]
[WhiteElo "1867"]
[BlackElo "2056"]
[PlyCount "83"]
[EventDate "2023.04.05"]
[EventType "swiss"]
[EventRounds "9"]
[EventCountry "USA"]
[SourceTitle "CBM 213 Extra"]
[Source "ChessBase"]
[SourceDate "2023.05.31"]
[SourceVersion "1"]
[SourceVersionDate "2023.05.31"]
[SourceQuality "1"]

1. d4 Nf6 2. Bg5 Ne4 3. h4 h6 4. Bf4 e6 5. Nd2 Bd6 6. Bxd6 Nxd6 7. e4 0-0 8. Bd3 f5 9. e5 Nf7 10. f4 d6 11. Ngf3 c5 12. dxc5 dxe5 13. fxe5 Nd7 14. Qe2 Nxc5 15. Bc4 a6 16. 0-0-0 b5 17. Bb3 Qc7 18. c3 a5 19. Bc2 b4 20. c4 a4 21. Bb1 Rd8 22. h5 Bb7 23. Rhe1 Rac8 24. Nh2 Rd5 25. Nhf3 Nd7 26. Bxf5 exf5 27. e6 Nb6 28. exf7+ Qxf7 29. Ne5 Rxe5 30. Qxe5 Nxc4 31. Nxc4 Qxc4+ 32. Kb1 Be4+ 33. Ka1 a3 34. g3 b3 35. bxa3 bxa2 36. Rd7 Qc3+ 37. Qxc3 Rxc3 38. g4 Rxa3 39. gxf5 Bxf5 40. Re8+ Kh7 41. Rdd8 g5 42. Re7# 1-0